000 01397cam a2200385 i 4500
003 EG-GICUC
005 20260309114340.0
008 770215c2007 ne ar fr bg 0 0eng d
040 _aEG-GICUC
_beng
_cEG-GICUC
_dEG-GICUC
_erda
050 0 0 _aK2400.A53
_bY4
082 0 4 _a347.224
_221
092 0 4 _221
099 _aLaw 12 2007
222 0 _aYearbook commercial arbitration
245 0 0 _aYearbook commercial arbitration /
_cgeneral editor Albert Jan Van Den Berg.
_nVolume xxxii-2007
246 3 0 _aCommercial arbitration
264 _aThe Netherlands :
_bKluwer International,
_c2007.
300 _avolumes
_c24 cm
_billustrations,
310 _aAnnual
336 _atext
_btxt
_2rdacontent
337 _aunmediated
_bn
_2rdamedia
338 _avolume
_bnc
_2rdacarrier
362 0 _av. 1- 1976-
500 _aAt head of title: International Council for Commercial Arbitration.
504 _aBibliography: pages 200-250.
590 _aSERBIB/SERLOC merged record
650 0 _aArbitration ( International law )
_vyearbooks
_2qrmak
650 6 _acommercial arbitration.
_vyearbooks
_2qrmak
651 1 _2qrmak
655 7 _aYearbooks
710 2 _aInternational Council for Commercial Arbitration.
_1https://id.oclc.org/worldcat/entity/E39QQPVp7YppvRQ66jkHt9g36g
856 4 0 _uhttps://fll.law.cu.edu.eg/fulltext/bks/ENGB12-00078.pdf
905 _a10
942 _2ddc
_cBK
_e21
_n0
999 _c65902
_d65902